[Event "EU-chT Seniors 02nd"]
[Site "Dresden"]
[Date "2000.03.08"]
[Round "7.1"]
[White "Uhlmann, Wolfgang"]
[Black "Landgraf, Siegfried"]
[Result "1-0"]
[WhiteElo "2480"]
[BlackElo "2170"]
[EventDate "2000.03.01"]
[PlyCount "63"]

1.c4 g6 2.e4 e5 3.Nf3 Bg7 4.d4 exd4 5.Nxd4 Nf6 6.Nc3 O-O 7.Bd3 Re8 8.O-O 
c6 9.Re1 d5 10.cxd5 Nxd5 11.exd5 Rxe1+ 12.Qxe1 Bxd4 13.Bf4 Nd7 14.dxc6 
bxc6 15.Rd1 Nc5 16.Be3 Nxd3 17.Rxd3 c5 18.Bxd4 cxd4 19.Qe5 Ba6 20.Rxd4 Qe8
21.Qxe8+ Rxe8 22.h4 Re1+ 23.Kh2 Rc1 24.h5 Kg7 25.Ra4 Bd3 26.Rxa7 Rc2 27.
h6+ Kxh6 28.Rxf7 Rxb2 29.a4 Rc2 30.Nd5 Ra2 31.Nb6 Bc4 32.Rf4 1-0

[Event "EU-chT Seniors 02nd"]
[Site "Dresden"]
[Date "2000.03.05"]
[Round "5.4"]
[White "Wieckowski, Ryszard"]
[Black "Kahn, Manfred"]
[Result "1/2-1/2"]
[WhiteElo "2000"]
[BlackElo "2208"]
[EventDate "2000.03.01"]
[PlyCount "45"]

1.c4 e6 2.Nc3 d5 3.cxd5 exd5 4.d4 Bb4 5.Nf3 Nf6 6.Bg5 h6 7.Bxf6 Qxf6 8.e3 
c5 9.Bb5+ Bd7 10.Bxd7+ Nxd7 11.O-O Bxc3 12.bxc3 Qc6 13.dxc5 O-O 14.Nd4 
Qxc5 15.Qb3 b6 16.Qb4 Rac8 17.Rac1 Ne5 18.Qxc5 Rxc5 19.Nb3 Rc7 20.Rfd1 Rd8
21.Kf1 Rcd7 22.Ke2 Kf8 23.Rd4 1/2-1/2

[Event "EU-chT Seniors 02nd"]
[Site "Dresden"]
[Date "2000.03.04"]
[Round "4.4"]
[White "Wieckowski, Ryszard"]
[Black "Mann, Dieter"]
[Result "1/2-1/2"]
[WhiteElo "2000"]
[BlackElo "1852"]
[EventDate "2000.03.01"]
[PlyCount "85"]

1.c4 Nf6 2.Nc3 g6 3.g3 d5 4.cxd5 Nxd5 5.Bg2 Nxc3 6.bxc3 Bg7 7.Rb1 c6 8.Nf3
Nd7 9.O-O O-O 10.d4 Nb6 11.e4 Be6 12.a4 Bc4 13.Re1 Ba6 14.Bf4 e6 15.Qc1 
Nd7 16.Bh6 Nf6 17.h3 Qe7 18.Bg5 Qc7 19.e5 Ne8 20.Bh6 Rb8 21.Bxg7 Kxg7 22.
Qe3 Qe7 23.Nd2 Nc7 24.c4 Rbd8 25.Bf1 f5 26.exf6+ Qxf6 27.Nb3 b6 28.Rbd1 
Rd7 29.a5 Rdf7 30.f4 Kg8 31.axb6 axb6 32.Nd2 b5 33.Ne4 Qd8 34.Nc5 Bc8 35.
Qe4 Bd7 36.Be2 g5 37.Nxd7 Rxd7 38.cxb5 cxb5 39.fxg5 Qxg5 40.Kg2 Qd5 41.Bg4
Rd6 42.Rc1 Qxe4+ 43.Rxe4 1/2-1/2

[Event "EU-chT Seniors 02nd"]
[Site "Dresden"]
[Date "2000.03.02"]
[Round "2.4"]
[White "Wieckowski, Ryszard"]
[Black "Niedermayr, Horst"]
[Result "1/2-1/2"]
[WhiteElo "2000"]
[BlackElo "2208"]
[EventDate "2000.03.01"]
[PlyCount "59"]

1.c4 f5 2.Nc3 Nf6 3.e3 d6 4.g3 g6 5.Bg2 Bg7 6.Nge2 c6 7.O-O O-O 8.b3 Na6 
9.Bb2 Nc7 10.d4 Qe8 11.Qc2 Bd7 12.Rac1 Rc8 13.Rfd1 g5 14.f4 Qh5 15.Qd2 Ne6
16.Rf1 Kh8 17.Rce1 Rce8 18.d5 Nc5 19.b4 Na6 20.a3 c5 21.b5 Nc7 22.Bf3 g4 
23.Bg2 Qg6 24.Qd3 Na8 25.a4 a5 26.Nc1 b6 27.Nb3 Nc7 28.Nd2 Qh5 29.Ba1 Rf7 
30.Bb2 1/2-1/2

[Event "EU-chT Seniors 02nd"]
[Site "Dresden"]
[Date "2000.03.08"]
[Round "7.4"]
[White "Wieckowski, Ryszard"]
[Black "Zanger, Konrad"]
[Result "1/2-1/2"]
[WhiteElo "2000"]
[BlackElo "1715"]
[EventDate "2000.03.01"]
[PlyCount "88"]

1.c4 c5 2.Nc3 Nc6 3.g3 g6 4.Bg2 Bg7 5.e3 Nf6 6.Nge2 O-O 7.O-O d6 8.a3 Rb8 
9.d4 cxd4 10.Nxd4 Bd7 11.Re1 a6 12.Qe2 Re8 13.Bd2 Nh5 14.Nxc6 Bxc6 15.e4 
Nf6 16.b4 Rc8 17.Rac1 h6 18.Nd5 Kh7 19.Bc3 Nxd5 20.exd5 Bd7 21.Bxg7 Kxg7 
22.Qe3 a5 23.c5 axb4 24.axb4 Qc7 25.c6 bxc6 26.dxc6 Be6 27.b5 Rb8 28.Bf1 
Rec8 29.Ra1 Rb6 30.Ra3 Rbb8 31.Ra7 Qb6 32.Qc3+ Kg8 33.Rea1 Rc7 34.R7a6 Qc5
35.Qa5 Rcc8 36.Ra7 Bc4 37.Rc7 Bxf1 38.Rxc8+ Rxc8 39.Rxf1 Kg7 40.Rb1 e5 41.
Qd2 Rb8 42.Rc1 Qxb5 43.Qxd6 Qb2 44.Re1 Rc8 1/2-1/2

[Event "EU-chT Seniors 02nd"]
[Site "Dresden"]
[Date "2000.03.07"]
[Round "6.3"]
[White "Winiwarter, Felix"]
[Black "Klein, Klaus"]
[Result "1-0"]
[WhiteElo "2235"]
[BlackElo "1995"]
[EventDate "2000.03.01"]
[PlyCount "95"]

1.e4 c5 2.Nf3 Nc6 3.d4 cxd4 4.Nxd4 Nf6 5.Nc3 e6 6.Ndb5 d6 7.Bf4 e5 8.Bg5 
a6 9.Na3 Be6 10.Nc4 Rc8 11.Ne3 Be7 12.Be2 Nd4 13.Bxf6 Bxf6 14.Bd3 Bg5 15.
Ncd5 O-O 16.c3 Nc6 17.O-O Ne7 18.Bc2 Bxd5 19.Nxd5 Nxd5 20.Qxd5 Qc7 21.Rad1
Be7 22.Bb3 g6 23.Qd3 Kg7 24.f4 Rcd8 25.f5 Bg5 26.Rf3 f6 27.Rdf1 Bh6 28.Rh3
Bg5 29.Qe2 Rh8 30.Kh1 Qc5 31.Rd3 Kf8 32.g3 Ke7 33.h4 Bh6 34.Kh2 b5 35.fxg6
hxg6 36.Qg4 Qc8 37.Qxg6 Rdf8 38.Rfd1 Bf4 39.Qg7+ Ke8 40.Rxd6 Rxh4+ 41.Kg1 
Rh1+ 42.Kf2 Rxd1 43.Re6+ Qxe6 44.Bxe6 Bc1 45.Bd5 Rxd5 46.exd5 Bxb2 47.d6 
Rf7 48.Qg8+ 1-0

[Event "EU-chT Seniors 02nd"]
[Site "Dresden"]
[Date "2000.03.02"]
[Round "2.3"]
[White "Winiwarter, Felix"]
[Black "Kozlowski, Piotr"]
[Result "1-0"]
[WhiteElo "2235"]
[BlackElo "2000"]
[EventDate "2000.03.01"]
[PlyCount "73"]

1.e4 c5 2.Nf3 d6 3.d4 cxd4 4.Nxd4 Nf6 5.Nc3 e6 6.Be2 Be7 7.O-O a6 8.Be3 
O-O 9.f4 Qc7 10.Qe1 b5 11.Bf3 Bb7 12.a3 Nbd7 13.Rd1 Rfe8 14.g4 Nc5 15.Bc1 
e5 16.fxe5 dxe5 17.Nf5 Bf8 18.g5 Nfd7 19.Nd5 Bxd5 20.exd5 e4 21.Bg2 Qe5 
22.b4 Nb7 23.Be3 Rac8 24.Qf2 Nd8 25.Bh3 Rc4 26.Bd4 Qc7 27.Ne3 Ne5 28.Nxc4 
Nxc4 29.Rfe1 Bd6 30.Bf5 Nxa3 31.Rxe4 Rxe4 32.Bxe4 Nc4 33.Qf5 g6 34.Qf6 
Bxh2+ 35.Kh1 Be5 36.Bxe5 Nxe5 37.d6 1-0

[Event "EU-chT Seniors 02nd"]
[Site "Dresden"]
[Date "2000.03.04"]
[Round "4.3"]
[White "Winiwarter, Felix"]
[Black "Schmidt, Gerhard"]
[Result "1-0"]
[WhiteElo "2235"]
[BlackElo "2225"]
[EventDate "2000.03.01"]
[PlyCount "71"]

1.e4 c5 2.Nf3 d6 3.d4 cxd4 4.Nxd4 Nf6 5.Nc3 a6 6.Be2 e5 7.Nb3 Be7 8.O-O 
Nbd7 9.Be3 O-O 10.f4 b5 11.Bf3 Bb7 12.Qd2 Rc8 13.Rae1 Qc7 14.a3 Nb6 15.Na5
Ba8 16.Kh1 Na4 17.fxe5 dxe5 18.Nd5 Nxd5 19.exd5 f5 20.b3 e4 21.bxa4 exf3 
22.Rxf3 Rcd8 23.Bf4 Bd6 24.Bg5 Rd7 25.axb5 axb5 26.Nb3 Bxh2 27.Rc3 Qb8 28.
Rd3 Be5 29.Nc5 Rdf7 30.d6 Be4 31.d7 Rd8 32.Bxd8 Qxd8 33.Kg1 Rf6 34.Nxe4 
fxe4 35.Rxe4 Re6 36.Qe3 1-0

[Event "EU-chT Seniors 02nd"]
[Site "Dresden"]
[Date "2000.03.02"]
[Round "2.4"]
[White "Zanger, Konrad"]
[Black "Barnstedt, Dietrich"]
[Result "1/2-1/2"]
[WhiteElo "1715"]
[BlackElo "2009"]
[EventDate "2000.03.01"]
[PlyCount "81"]

1.d4 d5 2.Nf3 c5 3.c3 Nc6 4.e3 Nf6 5.Be2 e6 6.Nbd2 Bd7 7.O-O Bd6 8.dxc5 
Bxc5 9.Nb3 Bd6 10.Nbd4 O-O 11.Nb5 Be7 12.Nbd4 Rc8 13.Re1 Ne4 14.Nd2 f5 15.
f4 Bc5 16.N2f3 Kh8 17.Nxc6 Bxc6 18.Nd4 Bd7 19.Bf3 Qe7 20.Re2 e5 21.Bxe4 
dxe4 22.fxe5 Qxe5 23.Rf2 Rcd8 24.Qf1 Rf6 25.Bd2 Rdf8 26.g3 Qd6 27.Rd1 g5 
28.b4 Bb6 29.c4 Bxd4 30.exd4 f4 31.Bc3 e3 32.Rf3 g4 33.Rxf4 Rxf4 34.gxf4 
Rxf4 35.d5+ Kg8 36.Qg2 Rxc4 37.Be1 Ba4 38.Rd3 Qf4 39.Qg3 Qxg3+ 40.hxg3 Rc1
41.Rxe3 1/2-1/2

[Event "EU-chT Seniors 02nd"]
[Site "Dresden"]
[Date "2000.03.04"]
[Round "4.4"]
[White "Zanger, Konrad"]
[Black "Haslinger, Thomas"]
[Result "0-1"]
[WhiteElo "1715"]
[BlackElo "1671"]
[EventDate "2000.03.01"]
[PlyCount "82"]

1.e4 c5 2.Nf3 Nc6 3.c3 Nf6 4.d3 g6 5.Be2 d6 6.O-O Bg7 7.Re1 O-O 8.h3 b5 9.
Bf4 Nd7 10.Bf1 a5 11.d4 c4 12.Nbd2 e5 13.dxe5 Ncxe5 14.Bh2 Nc5 15.Nxe5 
dxe5 16.Nf3 f6 17.Qc2 Bb7 18.Rad1 Qc7 19.Nd2 Rfd8 20.f3 Nd3 21.Bxd3 Rxd3 
22.b3 Qc5+ 23.Kh1 Rad8 24.Nf1 Bh6 25.Rxd3 cxd3 26.Qb2 d2 27.Rd1 Qf2 28.Bg1
Qe2 29.Qc2 Bc8 30.Ng3 Qd3 31.Qxd3 Rxd3 32.Nf1 a4 33.bxa4 Bd7 34.Be3 Bxe3 
35.Nxe3 b4 36.c4 Bxa4 37.Kg1 Bxd1 38.Nxd1 Rc3 39.Kf2 Rxc4 40.Ke2 Rd4 41.
Nb2 Kf7 0-1

[Event "EU-chT Seniors 02nd"]
[Site "Dresden"]
[Date "2000.03.07"]
[Round "6.4"]
[White "Zanger, Konrad"]
[Black "Langenfeld, Heinz"]
[Result "0-1"]
[WhiteElo "1715"]
[BlackElo "1913"]
[EventDate "2000.03.01"]
[PlyCount "100"]

1.d4 d5 2.Nf3 Nf6 3.Bf4 c5 4.c3 cxd4 5.cxd4 e6 6.Bd2 Nc6 7.e3 Qb6 8.b3 Ne4
9.Be2 Bb4 10.O-O Bd7 11.Bd3 O-O 12.Bxe4 dxe4 13.Ne5 Nxe5 14.dxe5 Rfd8 15.
Bxb4 Qxb4 16.Qd4 Qxd4 17.exd4 Bb5 18.Rd1 Rac8 19.Na3 Bd3 20.f3 Be2 21.Rd2 
exf3 22.gxf3 Bxf3 23.Nc4 Bd5 24.Nd6 Rc3 25.Rf1 Rf3 26.Rxf3 Bxf3 27.Rf2 Bh5
28.Rc2 Bf3 29.Rf2 Bc6 30.Rf4 f5 31.h4 g6 32.Kh2 Kf8 33.Kg3 Ke7 34.Rf1 h6 
35.Kf4 Rg8 36.Rg1 Rg7 37.Nc8+ Kd7 38.Nxa7 Kc7 39.Nxc6 Kxc6 40.Rc1+ Kd7 41.
Rg1 Ke7 42.a4 Kf7 43.b4 Rg8 44.Rc1 g5+ 45.hxg5 hxg5+ 46.Kf3 g4+ 47.Kf4 Rd8
48.Rc4 Kg6 49.a5 Kh5 50.Kg3 Kg5 0-1

[Event "EU-chT Seniors 02nd"]
[Site "Dresden"]
[Date "2000.03.04"]
[Round "4.2"]
[White "Ziegler, Alfons"]
[Black "Koksch, Guenther"]
[Result "1/2-1/2"]
[WhiteElo "1911"]
[BlackElo "1962"]
[EventDate "2000.03.01"]
[PlyCount "107"]

1.d4 e6 2.c4 f5 3.Nf3 Nf6 4.g3 d6 5.Bg2 Be7 6.O-O O-O 7.Nc3 a5 8.Qc2 Nc6 
9.a3 e5 10.dxe5 dxe5 11.Rd1 Qe8 12.b3 Qh5 13.Nd5 Bd8 14.Bb2 f4 15.gxf4 Bh3
16.Bxh3 Qxh3 17.Ng5 Qh5 18.Rd3 exf4 19.Nxf6+ Bxf6 20.Nf3 Rae8 21.Kh1 Qf5 
22.Rg1 Re7 23.Bxf6 Rxf6 24.Qd2 Qe4 25.Qc3 Rfe6 26.Rg2 Qxe2 27.Rd2 Qf1+ 28.
Rg1 Qh3 29.Rd3 Rh6 30.Qd2 Qf5 31.Rd5 Qe4 32.Qd3 Qxd3 33.Rxd3 Rf6 34.Rgd1 
h6 35.Rd7 Rxd7 36.Rxd7 Rf7 37.Rd5 g5 38.h3 Kg7 39.Kg2 Re7 40.Nd4 Nxd4 41.
Rxd4 Kf6 42.b4 axb4 43.axb4 h5 44.Kf3 c6 45.Rd8 Kf5 46.Rf8+ Kg6 47.Rg8+ 
Kf6 48.Rh8 Kg6 49.Rg8+ Rg7 50.Rf8 Rf7 51.Rg8+ Kf5 52.c5 g4+ 53.hxg4+ hxg4+
54.Rxg4 1/2-1/2

[Event "EU-chT Seniors 02nd"]
[Site "Dresden"]
[Date "2000.03.01"]
[Round "1.2"]
[White "Ziegler, Alfons"]
[Black "Kowalski, Michal"]
[Result "0-1"]
[WhiteElo "1911"]
[BlackElo "2152"]
[EventDate "2000.03.01"]
[PlyCount "48"]

1.d4 Nf6 2.c4 c5 3.d5 e6 4.Nc3 exd5 5.cxd5 g6 6.e4 d6 7.Nf3 Bg7 8.Bb5+ Bd7
9.Bd3 O-O 10.O-O Qc7 11.Nd2 Na6 12.Bxa6 bxa6 13.Nc4 Bb5 14.Qd3 Ng4 15.a4 
Bxc4 16.Qxc4 Qc8 17.Qe2 Rb8 18.h3 Ne5 19.f4 Nd7 20.f5 Re8 21.fxg6 hxg6 22.
Be3 Rb4 23.Qf2 Ne5 24.Rad1 Qb7 0-1

[Event "EU-chT Seniors 02nd"]
[Site "Dresden"]
[Date "2000.03.08"]
[Round "7.2"]
[White "Ziegler, Alfons"]
[Black "Rosen, Willy"]
[Result "0-1"]
[WhiteElo "1911"]
[BlackElo "2308"]
[EventDate "2000.03.01"]
[PlyCount "56"]

1.d4 Nf6 2.c4 e6 3.Nc3 Bb4 4.Qc2 O-O 5.e3 b6 6.a3 Bxc3+ 7.Qxc3 c5 8.Bd3 d6
9.Ne2 e5 10.O-O Nc6 11.b3 Ne8 12.Be4 exd4 13.exd4 Bd7 14.Bb2 Rc8 15.Bxc6 
Bxc6 16.d5 Bd7 17.Rfe1 Qg5 18.Ng3 f5 19.Re2 Nf6 20.f3 h5 21.Bc1 Qg6 22.Qe1
Rce8 23.Raa2 h4 24.Rxe8 Rxe8 25.Ne2 h3 26.g3 Nh5 27.Qf1 f4 28.Bxf4 Rxe2 
0-1